Makers of indian literature nammalvar / (Record no. 164299)
[ view plain ]
| 000 -LEADER | |
|---|---|
| fixed length control field | 00476nam a22001697a 4500 |
| 005 - DATE AND TIME OF LATEST TRANSACTION | |
| control field | 20190515165829.0 |
| 010 ## - LCCN (DPL NO) | |
| LC control number | A-937266 |
| 020 ## - INTERNATIONAL STANDARD BOOK NUMBER | |
| International Standard Book Number | 8126004169 |
| Terms of availability | 25.00 |
| 035 ## - SYSTEM CONTROL NUMBER | |
| System control number | A-937266 |
| 037 ## - SOURCE OF ACQUISITION | |
| Source of stock number/acquisition | Sahitya Akademi. |
| 082 ## - DEWEY DECIMAL CLASSIFICATION NUMBER | |
| Classification number | 881.092 |
| 100 ## - MAIN ENTRY--PERSONAL NAME | |
| Personal name | Raghavan, A Srinivasa. |
| 245 ## - TITLE STATEMENT | |
| Title | Makers of indian literature nammalvar / |
| Statement of responsibility, etc | A. Srinivasa Raghavan. |
| 260 ## - PUBLICATION, DISTRIBUTION, ETC. (IMPRINT) | |
| Name of publisher, distributor, etc | Sahitya Akademi. |
| Date of publication, distribution, etc | 1974 |
| 300 ## - PHYSICAL DESCRIPTION | |
| Extent | 96p |
| Dimensions | 21cm (fbk) |
| 942 ## - ADDED ENTRY ELEMENTS (KOHA) | |
| Source of classification or shelving scheme | Dewey Decimal Classification |
| Item type | English Books |
| Classification part | 881.092 |
| Call number suffix | NAH |
| Withdrawn status | Lost status | Not for loan | Collection code | Home library | Current library | Date acquired | Full call number | Barcode | Koha item type | Public note |
|---|---|---|---|---|---|---|---|---|---|---|
| Non-fiction | Sarojini Nagar | Sarojini Nagar | 15/05/2019 | 881.092 NAH | A-937266 | English Books | Withdrawn List Prepared L.No.15/17 |
